Design of equilibrium stage processes (Record no. 13251)

000 -LEADER
fixed length control field 00589nam a22002171 4500
001 - CONTROL NUMBER
control field 13251
003 - CONTROL NUMBER IDENTIFIER
control field BD-DhUET
008 - FIXED-LENGTH DATA ELEMENTS--GENERAL INFORMATION
fixed length control field 740517s1963 nyua b 000 0 eng
020 ## - INTERNATIONAL STANDARD BOOK NUMBER
International Standard Book Number 070586373
040 ## - CATALOGING SOURCE
Original cataloging agency DLC
Transcribing agency OAkU
Modifying agency BD-DhUET
082 ## - DEWEY DECIMAL CLASSIFICATION NUMBER
Classification number 660.28422
Item number SMI/1963
100 1# - MAIN ENTRY--PERSONAL NAME
Personal name Smith, Buford D.
245 10 - TITLE STATEMENT
Title Design of equilibrium stage processes
250 ## - EDITION STATEMENT
Edition statement 1st ed.
260 ## - PUBLICATION, DISTRIBUTION, ETC. (IMPRINT)
Place of publication, distribution, etc. New York
Name of publisher, distributor, etc. McGraw-Hill
Date of publication, distribution, etc. 1963
300 ## - PHYSICAL DESCRIPTION
Extent 647 p.
Other physical details ill.
Dimensions 24 cm.
490 ## - SERIES STATEMENT
Series statement McGraw-Hill chemical engineering series
504 ## - BIBLIOGRAPHY, ETC. NOTE
Bibliography, etc Includes bibliographies
650 #0 - SUBJECT ADDED ENTRY--TOPICAL TERM
Topical term or geographic name as entry element Chemical equilibrium
942 ## - ADDED ENTRY ELEMENTS (KOHA)
Koha item type General Book
Holdings
Copy number Sublocation or collection (holding branch) Withdrawn status Source of classification or shelving scheme Koha full call number Lost status Shelving location Price effective from Not for loan Piece designation (barcode) Date acquired Koha date last seen Koha item type Koha normalized classification for sorting Damaged status Location (home branch)
1Central Library, BUET  660.28422/SMI/1963 Circulation section2015-03-02 349542015-03-022015-03-02General Book660_284220000000000_SMI_1963 Central Library, BUET
2Central Library, BUET  660.28422/SMI/1963 Circulation section2015-03-03 298452015-03-032015-03-03General Book660_284220000000000_SMI_1963 Central Library, BUET
3Central Library, BUET  660.28422/SMI/1963 Circulation section2015-03-03 298412015-03-032015-03-03General Book660_284220000000000_SMI_1963 Central Library, BUET
4Central Library, BUET  660.28422/SMI/1963 Circulation section2015-03-03 298472015-03-032015-03-03General Book660_284220000000000_SMI_1963 Central Library, BUET
5Central Library, BUET  660.28422/SMI/1963 Circulation section2015-03-03 298532015-03-032015-03-03General Book660_284220000000000_SMI_1963 Central Library, BUET
6Central Library, BUET  660.28422/SMI/1963 Circulation section2015-03-03 298432015-03-032015-03-03General Book660_284220000000000_SMI_1963 Central Library, BUET
7Central Library, BUET  660.28422/SMI/1963 Circulation section2015-03-03 298442015-03-032015-03-03General Book660_284220000000000_SMI_1963 Central Library, BUET
8Central Library, BUET  660.28422/SMI/1963 Circulation section2015-03-03 298402015-03-032015-03-03General Book660_284220000000000_SMI_1963 Central Library, BUET
9Central Library, BUET  660.28422/SMI/1963 Circulation section2015-03-03 349552015-03-032015-03-03General Book660_284220000000000_SMI_1963 Central Library, BUET
10Central Library, BUET  660.28422/SMI/1963 Circulation section2015-05-11 114772015-05-112015-05-11General Book660_284220000000000_SMI_1963 Central Library, BUET
11Central Library, BUET  660.28422/SMI/1963 Circulation section2015-05-11 298462015-05-112015-05-11General Book660_284220000000000_SMI_1963 Central Library, BUET
12Central Library, BUET  660.28422/SMI/1963 Circulation section2015-05-11 349532015-05-112015-05-11General Book660_284220000000000_SMI_1963 Central Library, BUET
13Central Library, BUET  660.28422/SMI/1963 Circulation section2015-05-11 188362015-05-112015-05-11General Book660_284220000000000_SMI_1963 Central Library, BUET
14Central Library, BUET  660.28422/SMI/1963 Circulation section2015-05-11 298542015-05-112015-05-11General Book660_284220000000000_SMI_1963 Central Library, BUET
15Central Library, BUET  660.28422/SMI/1963 Circulation section2015-05-11 298562015-05-112015-05-11General Book660_284220000000000_SMI_1963 Central Library, BUET
16Central Library, BUET  660.28422/SMI/1963 Circulation section2015-05-19 298482015-05-192015-05-19General Book660_284220000000000_SMI_1963 Central Library, BUET
17Central Library, BUET  660.28422/SMI/1963 Reading section2015-06-18 64492015-06-182015-06-18Reading Item660_284220000000000_SMI_1963 Central Library, BUET